Battle of the Marne, 8th-10th September, 1914. (Record no. 553422)

000 -LEADER
fixed length control field 00457cam a2200145u 4500
082 ## - DEWEY DECIMAL CLASSIFICATION NUMBER
Classification number 940.4
Author Mark BAT
110 1# - MAIN ENTRY--CORPORATE NAME
Corporate name or jurisdiction name as entry element Great Britain.
9 (RLIN) 39715
245 10 - TITLE STATEMENT
Title Battle of the Marne, 8th-10th September, 1914.
260 ## - PUBLICATION, DISTRIBUTION, ETC.
Place of publication, distribution, etc. London,
Name of publisher, distributor, etc. H. M. Stationery off.,
Date of publication, distribution, etc. 1935.
300 ## - PHYSICAL DESCRIPTION
Extent 50 p.
Other physical details 3 fold. maps (in pocket)
Dimensions 25 cm.
526 ## - STUDY PROGRAM INFORMATION NOTE
Program name 0
Interest level 0
Reading level 0
Title point value 940_400000000000000_BAT
650 #0 - SUBJECT ADDED ENTRY--TOPICAL TERM
Topical term or geographic name entry element Marne, 1st Battle of the, France, 1914.
9 (RLIN) 49596
650 #0 - SUBJECT ADDED ENTRY--TOPICAL TERM
Topical term or geographic name entry element MCE
9 (RLIN) 379
942 ## - ADDED ENTRY ELEMENTS (KOHA)
Source of classification or shelving scheme
Koha item type Book
Holdings
Withdrawn status Lost status Source of classification or shelving scheme Damaged status Not for loan Permanent Location Current Location Shelving location Date acquired Total Checkouts Full call number Barcode Date last seen Price effective from Koha item type
          Military College of Engineering (MCE) Military College of Engineering (MCE)   02/10/2015   940.4 BAT MCE-ECS/50.2 02/10/2015 02/10/2015 Book
© 2023 Central Library, National University of Sciences and Technology. All Rights Reserved.